00452nam a2200169Ia 450000500170000000800410001704000190005804100120007708200140008910000210010324500570012426000440018130000120022550400190023765000150025685000110027120240321132717.0131103s9999 xx 000 0 und d aLoreto College aEnglish a150 bMCN aMcNeil, Elton B. 4aThe Concept Of Human Development cElton B. Mcneil aCaliforniabWadsworthn publishingc1968 axi,82p  aIncludes Index aPsychology aLCBED